[Event "SVK-ch U18/20 Girls"]
[Site "Tatralandia"]
[Date "2024.04.09"]
[Round "6"]
[White "Sosovickova, Jana"]
[Black "Sevcikova, Lucia"]
[Result "1/2-1/2"]
[WhiteElo "1943"]
[BlackElo "2015"]
[PlyCount "52"]
[EventDate "2024.04.05"]
[EventType "swiss"]
[EventRounds "9"]
[EventCountry "SVK"]
[SourceTitle "CB16_2024"]
[SourceDate "2024.04.17"]
[SourceVersion "1"]
[SourceVersionDate "2024.04.17"]
[SourceQuality "1"]

1. e4 e6 2. d4 d5 3. exd5 exd5 4. Nf3 Bd6 5. Bd3 Ne7 6. 0-0 Bg4 7. Nbd2 Nbc6 8. c3 Qd7 9. Re1 0-0-0 10. b4 Rde8 11. b5 Nd8 12. Qa4 Kb8 13. Ne5 Bxe5 14. dxe5 Ng6 15. Nb3 Nxe5 16. Be3 b6 17. Nc5 bxc5 18. Bxc5 c6 19. bxc6 Nexc6 20. Bb5 Bf5 21. Red1 Ka8 22. Bxa7 Qxa7 23. Bxc6+ Nxc6 24. Qxc6+ Qb7 25. Qa4+ Qa7 26. Qc6+ Qb7 1/2-1/2

[Event "SVK-ch U18/20 Girls"]
[Site "Tatralandia"]
[Date "2024.04.08"]
[Round "5"]
[White "Bochnickova, Simona"]
[Black "Sevcikova, Lucia"]
[Result "1-0"]
[WhiteElo "1943"]
[BlackElo "2015"]
[PlyCount "77"]
[EventDate "2024.04.05"]
[EventType "swiss"]
[EventRounds "9"]
[EventCountry "SVK"]
[SourceTitle "CB16_2024"]
[SourceDate "2024.04.17"]
[SourceVersion "1"]
[SourceVersionDate "2024.04.17"]
[SourceQuality "1"]

1. e4 g6 2. d4 Bg7 3. Nc3 a6 4. g3 b5 5. Bg2 Bb7 6. a3 d6 7. Nge2 e6 8. 0-0 Ne7 9. Be3 0-0 10. Qd2 Nd7 11. Bh6 Nb6 12. b3 f5 13. Bxg7 Kxg7 14. Nf4 Qc8 15. exf5 Bxg2 16. Nxe6+ Kg8 17. Kxg2 Rxf5 18. Rfe1 Rf6 19. d5 Qb7 20. Rad1 Rf5 21. Qd4 Rf7 22. Kg1 Nf5 23. Qd2 Nd7 24. Qg5 Ne5 25. Rxe5 dxe5 26. Nd8 Rxd8 27. Qxd8+ Rf8 28. Qd7 Nd4 29. Rxd4 exd4 30. Ne4 Rf5 31. Qe8+ Kg7 32. Qe7+ Kg8 33. d6 Rf7 34. Qe8+ Rf8 35. d7 Qa8 36. Nf6+ Kg7 37. Qe7+ Rf7 38. d8Q Qf3 39. Qdf8# 1-0

[Event "SVK-ch U18/20 Girls"]
[Site "Tatralandia"]
[Date "2024.04.07"]
[Round "4"]
[White "Sevcikova, Lucia"]
[Black "Striskova, Lucia"]
[Result "0-1"]
[WhiteElo "2015"]
[BlackElo "1884"]
[PlyCount "132"]
[EventDate "2024.04.05"]
[EventType "swiss"]
[EventRounds "9"]
[EventCountry "SVK"]
[SourceTitle "CB16_2024"]
[SourceDate "2024.04.17"]
[SourceVersion "1"]
[SourceVersionDate "2024.04.17"]
[SourceQuality "1"]

1. d4 Nf6 2. c4 e6 3. Nc3 Bb4 4. Qc2 0-0 5. a3 Bxc3+ 6. Qxc3 d5 7. Bg5 c5 8. e3 cxd4 9. exd4 h6 10. Bh4 Nc6 11. 0-0-0 dxc4 12. Bxc4 Qc7 13. Bxf6 Qf4+ 14. Rd2 Qxf6 15. Nf3 Bd7 16. d5 Qxc3+ 17. bxc3 exd5 18. Bxd5 Rab8 19. Re1 Bf5 20. Nd4 Nxd4 21. Rxd4 Rbc8 22. Kb2 Rc7 23. Re3 b6 24. g4 Bc8 25. h4 Rd7 26. g5 Rfd8 27. Red3 hxg5 28. hxg5 Kf8 29. g6 f6 30. c4 Bb7 31. Kc3 Bxd5 32. Rxd5 Rxd5 33. cxd5 Ke7 34. Kd4 Rh8 35. Kc4 Kd6 36. Re3 Rh6 37. Re6+ Kd7 38. Kb5 Rxg6 39. Ka6 Rg5 40. Kxa7 Rxd5 41. Re3 Rb5 42. f4 Rf5 43. Rg3 Rxf4 44. Rxg7+ Kc6 45. Rg3 Rf5 46. Rc3+ Rc5 47. Rh3 Kb5 48. Rb3+ Ka5 49. Kb7 b5 50. Re3 f5 51. Re6 Ka4 52. Kb6 Rc3 53. Re5 f4 54. Rf5 Rxa3 55. Rxf4+ b4 56. Rg4 Rc3 57. Rh4 Rc1 58. Rg4 Ka3 59. Kb5 b3 60. Rg3 Rc8 61. Rh3 Ka2 62. Kb4 Rb8+ 63. Ka4 b2 64. Ra3+ Kb1 65. Rc3 Ra8+ 66. Kb3 Ka1 0-1

[Event "Mitropa Cup (Women)"]
[Site "Apolda"]
[Date "2024.02.21"]
[Round "7.11"]
[White "Gueci, Tea"]
[Black "Sevcikova, Lucia"]
[Result "1/2-1/2"]
[WhiteElo "2193"]
[BlackElo "2034"]
[PlyCount "121"]
[EventDate "2024.02.15"]
[EventType "team-tourn"]
[EventRounds "9"]
[EventCountry "GER"]
[SourceTitle "CB09_2024"]
[SourceDate "2024.02.28"]
[SourceVersion "1"]
[SourceVersionDate "2024.02.28"]
[SourceQuality "1"]
[WhiteTeam "Italy (W)"]
[BlackTeam "Slovakia (W)"]
[WhiteTeamCountry "ITA"]
[BlackTeamCountry "SVK"]

1. e4 e6 2. d4 d5 3. e5 c5 4. c3 Bd7 5. Nf3 Nc6 6. Be2 Nge7 7. 0-0 Nf5 8. g4 Nh4 9. Nxh4 Qxh4 10. f4 h5 11. g5 f6 12. Be3 fxg5 13. fxg5 Be7 14. Qd2 0-0-0 15. Na3 Be8 16. Nb5 Bg6 17. Bf4 Rhf8 18. Nd6+ Kb8 19. Rad1 Bf5 20. Qe3 Bh3 21. Rf2 Bg4 22. Qg3 Qxg3+ 23. hxg3 Bxe2 24. Rxe2 cxd4 25. cxd4 g6 26. Rf2 Rd7 27. Rdd2 a6 28. Be3 Nd8 29. Rxf8 Bxf8 30. Ne8 Re7 31. Nf6 Rc7 32. Rh2 Bg7 33. Rf2 Rf7 34. Rf4 Ka7 35. Bd2 Bf8 36. Kf1 Be7 37. Ke2 Rf8 38. Ba5 Rh8 39. Bc7 Nc6 40. a3 b5 41. Bd6 Bxd6 42. exd6 Rd8 43. d7 Kb7 44. Kd3 Kc7 45. Nh7 e5 46. dxe5 Nxe5+ 47. Kd4 Nxd7 48. Rf7 Kd6 49. Nf6 Ne5 50. Rg7 Rc8 51. b3 Ke6 52. Nxd5 Nf3+ 53. Ke3 Kxd5 54. Kxf3 Rc6 55. Kf4 Kd4 56. Rf7 Re6 57. Rf6 Re4+ 58. Kf3 Re3+ 59. Kf4 Re4+ 60. Kf3 Re3+ 61. Kf4 1/2-1/2

[Event "Mitropa Cup (Women)"]
[Site "Apolda"]
[Date "2024.02.20"]
[Round "6.11"]
[White "Sevcikova, Lucia"]
[Black "Lhotska, Anna"]
[Result "0-1"]
[WhiteElo "2034"]
[BlackElo "2065"]
[PlyCount "106"]
[EventDate "2024.02.15"]
[EventType "team-tourn"]
[EventRounds "9"]
[EventCountry "GER"]
[SourceTitle "CB09_2024"]
[SourceDate "2024.02.28"]
[SourceVersion "1"]
[SourceVersionDate "2024.02.28"]
[SourceQuality "1"]
[WhiteTeam "Slovakia (W)"]
[BlackTeam "Czech Republic (W)"]
[WhiteTeamCountry "SVK"]
[BlackTeamCountry "CZE"]

1. d4 Nf6 2. c4 c5 3. d5 e6 4. Nc3 exd5 5. cxd5 d6 6. Nf3 g6 7. Nd2 Bg7 8. e4 0-0 9. Be2 Re8 10. 0-0 Na6 11. f3 Nc7 12. a4 b6 13. Nc4 Ba6 14. Qc2 Bxc4 15. Bxc4 a6 16. Rb1 Qd7 17. b4 b5 18. Be2 c4 19. a5 Qe7 20. Re1 Nh5 21. g4 Bd4+ 22. Kh1 Qh4 23. Bb2 Nf4 24. Qd2 Be5 25. Bf1 h5 26. Ne2 Nd3 27. Bxe5 Rxe5 28. Ng3 Nxe1 29. Rxe1 hxg4 30. f4 Ree8 31. Qd4 Rad8 32. Bg2 f5 33. Rf1 Re7 34. Rd1 Rh7 35. Nf1 g3 36. e5 g5 37. Qb6 Qxf4 38. Re1 Qf2 39. exd6 Rxh2+ 40. Nxh2 Qxe1+ 41. Nf1 Rd7 42. dxc7 Rh7+ 43. Kg1 Qf2+ 44. Qxf2 gxf2+ 45. Kxf2 Rxc7 46. Ke2 Kf7 47. Ne3 Kf6 48. Bh3 g4 49. Bg2 Kg5 50. Nc2 f4 51. Nd4 f3+ 52. Kf2 Rd7 53. Ne6+ Kh4 0-1

[Event "Wch U18 Girls"]
[Site "Montesilvano"]
[Date "2023.11.16"]
[Round "4"]
[White "Petricenco, Ana"]
[Black "Sevcikova, Lucia"]
[Result "1-0"]
[WhiteElo "1902"]
[BlackElo "2047"]
[PlyCount "107"]
[EventDate "2023.11.13"]
[EventType "swiss"]
[EventRounds "11"]
[EventCountry "ITA"]
[SourceTitle "CB48_2023"]
[SourceDate "2023.11.29"]
[SourceVersion "1"]
[SourceVersionDate "2023.11.29"]
[SourceQuality "1"]

1. e4 e6 2. d3 d5 3. Qe2 Nf6 4. Nf3 Be7 5. g3 c5 6. Bg2 Nc6 7. 0-0 0-0 8. e5 Nd7 9. c4 d4 10. Re1 Qc7 11. Bf4 a6 12. h4 b5 13. b3 Bb7 14. Nbd2 Rfe8 15. Nh2 Nf8 16. h5 h6 17. Ng4 Nh7 18. Ne4 Qd8 19. Nh2 Rc8 20. g4 Na5 21. Nf3 Bxe4 22. Qxe4 Ng5 23. Nxg5 Bxg5 24. Bg3 Bh4 25. Bf4 Bg5 26. Bh2 bxc4 27. bxc4 Rb8 28. f4 Bh4 29. Reb1 Rb6 30. f5 Bg5 31. fxe6 Be3+ 32. Kh1 Rexe6 33. Rf1 Nc6 34. Qf5 Qe8 35. Bd5 Ne7 36. Qf3 Nxd5 37. cxd5 Re7 38. d6 Rd7 39. Qd5 Rb2 40. Rab1 Rc2 41. Rb7 c4 42. Qc6 Rxh2+ 43. Kxh2 Qxe5+ 44. Kh3 Rxb7 45. Qxb7 Qxd6 46. Qxf7+ Kh7 47. Qf5+ Kg8 48. Qc8+ Kh7 49. Rf8 Qxf8 50. Qxf8 c3 51. Qc5 Bd2 52. Kg3 Be1+ 53. Kf3 Bd2 54. Ke2 1-0

[Event "Wch U20 Girls Blitz"]
[Site "Pula"]
[Date "2023.10.15"]
[Round "9"]
[White "Kairbekova, Amina"]
[Black "Sevcikova, Lucia"]
[Result "1-0"]
[WhiteElo "2198"]
[BlackElo "2042"]
[PlyCount "114"]
[EventDate "2023.10.14"]
[EventType "swiss (blitz)"]
[EventRounds "11"]
[EventCountry "ITA"]
[SourceTitle "Mega2024 Update 01"]
[Source "Chessbase"]
[SourceDate "2023.11.12"]
[SourceVersion "1"]
[SourceVersionDate "2023.11.12"]
[SourceQuality "1"]

1. e4 Nf6 2. e5 Nd5 3. d4 d6 4. c4 Nb6 5. exd6 exd6 6. Nc3 Nc6 7. Nf3 Bg4 8. Be3 Be7 9. h3 Bh5 10. b3 0-0 11. Be2 Bf6 12. 0-0 d5 13. c5 Nc8 14. a3 a5 15. Rb1 N8e7 16. b4 axb4 17. axb4 Nf5 18. g4 Nxe3 19. fxe3 Bg6 20. Bd3 Re8 21. Bxg6 hxg6 22. Qd2 Qe7 23. Nxd5 Qe6 24. Nxc7 Qe4 25. Nxe8 Rxe8 26. Rbe1 g5 27. b5 Ne7 28. Qg2 Nd5 29. Ne5 Qxg2+ 30. Kxg2 Bxe5 31. dxe5 Rxe5 32. Rf5 Rxe3 33. Rxd5 Rxe1 34. Rd8+ Kh7 35. Rd7 Rc1 36. Rxf7 Rxc5 37. Rxb7 Rc2+ 38. Kf3 Rc3+ 39. Ke4 Rxh3 40. b6 Kg6 41. Rc7 Rg3 42. Rc6+ Kh7 43. Kf5 Rf3+ 44. Kxg5 Rb3 45. Kf5 Rb5+ 46. Ke6 Kg6 47. Kd7+ Kg5 48. Kc7 Kxg4 49. Rg6+ Kf5 50. Rxg7 Ke6 51. b7 Rc5+ 52. Kb6 Rc1 53. b8Q Rb1+ 54. Ka7 Ra1+ 55. Kb7 Rb1+ 56. Kc8 Rc1+ 57. Rc7 Kd5 1-0

[Event "Wch U20 Girls Blitz"]
[Site "Pula"]
[Date "2023.10.14"]
[Round "2"]
[White "Pasti, Anna"]
[Black "Sevcikova, Lucia"]
[Result "1-0"]
[WhiteElo "2010"]
[BlackElo "2042"]
[PlyCount "93"]
[EventDate "2023.10.14"]
[EventType "swiss (blitz)"]
[EventRounds "11"]
[EventCountry "ITA"]
[SourceTitle "Mega2024 Update 01"]
[Source "Chessbase"]
[SourceDate "2023.11.12"]
[SourceVersion "1"]
[SourceVersionDate "2023.11.12"]
[SourceQuality "1"]

1. e4 e6 2. d4 d5 3. Nc3 dxe4 4. Nxe4 Nd7 5. Nf3 Ngf6 6. Bd3 Nxe4 7. Bxe4 Nf6 8. Bd3 c5 9. 0-0 cxd4 10. Bb5+ Bd7 11. Nxd4 Bxb5 12. Nxb5 Qb6 13. c4 Bc5 14. b4 Be7 15. Be3 Qc6 16. Rc1 0-0 17. Qb3 a6 18. Nd4 Qd6 19. c5 Qd5 20. Rfd1 Qxb3 21. Nxb3 Nd5 22. Bd4 Nxb4 23. Na5 Rab8 24. Be5 Rbc8 25. Nxb7 Nxa2 26. Rc4 Bf6 27. Bxf6 gxf6 28. Ra1 Rc7 29. c6 Rb8 30. Rxa2 Kg7 31. Rac2 a5 32. h3 Ra8 33. Ra4 f5 34. Rxa5 Rb8 35. Rac5 Kf6 36. Nd6 Ke7 37. Nb5 Rcc8 38. c7 Rb7 39. Nd4 Kd6 40. Rc6+ Ke7 41. g4 fxg4 42. hxg4 Kd7 43. R6c3 Rb4 44. Nf3 Rxg4+ 45. Kh2 Rb4 46. Ne5+ Ke7 47. Nc6+ 1-0

[Event "Wch U20 Girls Rapid"]
[Site "Pula"]
[Date "2023.10.12"]
[Round "9"]
[White "Sultanbek, Zeinep"]
[Black "Sevcikova, Lucia"]
[Result "1/2-1/2"]
[WhiteElo "1969"]
[BlackElo "2042"]
[PlyCount "297"]
[EventDate "2023.10.10"]
[EventType "swiss (rapid)"]
[EventRounds "11"]
[EventCountry "ITA"]
[SourceTitle "Mega2024 Update 01"]
[Source "Chessbase"]
[SourceDate "2023.11.12"]
[SourceVersion "1"]
[SourceVersionDate "2023.11.12"]
[SourceQuality "1"]

1. Nf3 d5 2. g3 c6 3. Bg2 Bf5 4. 0-0 Nf6 5. d3 h6 6. Nc3 e6 7. Nd2 Nbd7 8. e4 dxe4 9. dxe4 Bg6 10. h3 Bc5 11. Kh1 0-0 12. f4 Qc7 13. g4 Rad8 14. f5 exf5 15. exf5 Bh7 16. Nde4 Bb4 17. Bf4 Qa5 18. Qc1 h5 19. Nxf6+ Nxf6 20. g5 Bxc3 21. bxc3 Nd5 22. Bd2 Qc5 23. f6 Nxc3 24. fxg7 Rfe8 25. Bxc3 Qxc3 26. Qf4 Qxg7 27. Rad1 Bxc2 28. Rxd8 Rxd8 29. Qc7 Rd2 30. Qxb7 Rxg2 31. Qb8+ Kh7 32. Kxg2 Be4+ 33. Kh2 Qg6 34. Qxa7 Bd5 35. Qf2 Qxg5 36. Qf5+ Qxf5 37. Rxf5 Bxa2 38. Rxh5+ Kg6 39. Rh8 Be6 40. Ra8 c5 41. Ra3 c4 42. Kg3 Kg5 43. Ra5+ Kg6 44. h4 Kh6 45. Rg5 f6 46. Rc5 Kg6 47. h5+ Kh6 48. Kh4 Bf7 49. Rf5 Kg7 50. Rf3 Bd5 51. Rg3+ Kh7 52. Ra3 Be4 53. Ra4 Bd3 54. Ra7+ Kh6 55. Rf7 f5 56. Rf6+ Kg7 57. Rc6 Be2 58. Kg5 f4 59. h6+ Kh7 60. Rc7+ Kh8 61. Kxf4 Bd3 62. Kg5 Kg8 63. Kf6 Kh8 64. Ke5 Kg8 65. Rg7+ Kh8 66. Kd4 Be2 67. Ke3 Bd3 68. Rc7 Kg8 69. Kf4 Kh8 70. Kg5 Kg8 71. h7+ Bxh7 72. Rc8+ Kf7 73. Rxc4 Bd3 74. Rd4 Bc2 75. Rd7+ Ke6 76. Rc7 Bd3 77. Rc3 Bb1 78. Re3+ Kd5 79. Kf4 Bc2 80. Re5+ Kd4 81. Re8 Kc3 82. Rb8 Kd4 83. Rb2 Kc3 84. Rb6 Kd4 85. Rb8 Bg6 86. Rb4+ Kc3 87. Rb6 Bh7 88. Ke3 Kc4 89. Rb8 Kd5 90. Rh8 Bg6 91. Rh6 Bc2 92. Rh5+ Ke6 93. Kf4 Bd3 94. Rh6+ Kd5 95. Rh5+ Ke6 96. Re5+ Kd6 97. Re3 Bc2 98. Re2 Bg6 99. Kg5 Bh7 100. Kh6 Bf5 101. Kg7 Kd5 102. Kf6 Bd3 103. Re8 Bb1 104. Rd8+ Ke4 105. Rd1 Bd3 106. Ke6 Bc4+ 107. Kd6 Bb3 108. Rb1 Bc2 109. Rb2 Bd3 110. Rb4+ Kf5 111. Rd4 Be4 112. Rd1 Bf3 113. Re1 Bg2 114. Re8 Kf4 115. Rf8+ Ke3 116. Ke5 Kd3 117. Rf2 Bb7 118. Rb2 Bc6 119. Rb6 Bg2 120. Rb4 Bc6 121. Rd4+ Kc3 122. Rd8 Bg2 123. Rg8 Bb7 124. Rg7 Ba8 125. Rg3+ Kc4 126. Rg1 Bf3 127. Rf1 Bg2 128. Rf2 Bb7 129. Rf4+ Kd3 130. Rd4+ Kc3 131. Rd7 Bg2 132. Rg7 Ba8 133. Rd7 Bg2 134. Kf4 Ba8 135. Ra7 Bd5 136. Ra4 Bg2 137. Ke3 Bd5 138. Rd4 Be6 139. Rd6 Bf5 140. Rc6+ Kb4 141. Kd4 Kb3 142. Rc3+ Kb2 143. Rc5 Bg6 144. Rg5 Bh7 145. Kc4 Be4 146. Rg4 Bf5 147. Rg2+ Ka1 148. Kb3 Be6+ 149. Ka3 1/2-1/2

[Event "Wch U20 Girls Rapid"]
[Site "Pula"]
[Date "2023.10.11"]
[Round "4"]
[White "Balabayeva, Kseniya"]
[Black "Sevcikova, Lucia"]
[Result "1-0"]
[WhiteElo "2192"]
[BlackElo "2042"]
[PlyCount "119"]
[EventDate "2023.10.10"]
[EventType "swiss (rapid)"]
[EventRounds "11"]
[EventCountry "ITA"]
[SourceTitle "Mega2024 Update 01"]
[Source "Chessbase"]
[SourceDate "2023.11.12"]
[SourceVersion "1"]
[SourceVersionDate "2023.11.12"]
[SourceQuality "1"]

1. d4 d5 2. Bf4 Nf6 3. e3 e6 4. Nf3 c5 5. c3 Bd6 6. Ne5 Qc7 7. Nd2 Nc6 8. Ndf3 Nd7 9. Bb5 0-0 10. Nxd7 Bxd7 11. Bg3 cxd4 12. exd4 Rfe8 13. 0-0 Ne7 14. Bxd6 Qxd6 15. Bxd7 Qxd7 16. Ne5 Qc7 17. Qg4 Nc6 18. Nd3 b5 19. Rfe1 a5 20. Rac1 f5 21. Qf3 Qf7 22. a3 Rab8 23. b4 axb4 24. axb4 Ra8 25. Nc5 e5 26. dxe5 Nxe5 27. Qf4 Nc4 28. h3 Qf6 29. Qf3 Qf7 30. Rcd1 Rxe1+ 31. Rxe1 Rd8 32. Re6 Nd2 33. Qd3 Ne4 34. Rb6 Qc7 35. Rxb5 Nf6 36. Rb7 Qc6 37. Qg3 g6 38. Qg5 Re8 39. Qh6 Re1+ 40. Kh2 Qd6+ 41. g3 Re7 42. Rxe7 Qxe7 43. Qd2 Qe5 44. b5 Nh5 45. Qd4 Qd6 46. Nd3 Nf6 47. Nb4 Kf7 48. Qa7+ Ke6 49. b6 f4 50. b7 fxg3+ 51. fxg3 Nd7 52. Nd3 Kf6 53. Qd4+ Kf7 54. Qf4+ Qxf4 55. Nxf4 Ke7 56. Nxd5+ Kd6 57. Nf6 Nb8 58. Nxh7 Kc7 59. Nf8 g5 60. Ne6+ 1-0

[Event "Wch U20 Girls Rapid"]
[Site "Pula"]
[Date "2023.10.10"]
[Round "1"]
[White "Sevcikova, Lucia"]
[Black "Hernandez Diaz, Paula Sofia"]
[Result "0-1"]
[WhiteElo "2042"]
[BlackElo "1830"]
[PlyCount "92"]
[EventDate "2023.10.10"]
[EventType "swiss (rapid)"]
[EventRounds "11"]
[EventCountry "ITA"]
[SourceTitle "Mega2024 Update 01"]
[Source "Chessbase"]
[SourceDate "2023.11.12"]
[SourceVersion "1"]
[SourceVersionDate "2023.11.12"]
[SourceQuality "1"]

1. d4 Nf6 2. c4 e6 3. Nc3 Bb4 4. Qc2 0-0 5. a3 Bxc3+ 6. Qxc3 d5 7. Bg5 dxc4 8. Qxc4 b6 9. Nf3 Ba6 10. Qa4 h6 11. Bh4 c5 12. dxc5 bxc5 13. Rd1 Qb6 14. Bxf6 gxf6 15. Qc2 Nc6 16. e3 Bxf1 17. Kxf1 Rab8 18. Rd2 Rfd8 19. Rxd8+ Rxd8 20. g3 Qb7 21. e4 Nd4 22. Nxd4 cxd4 23. f3 Rb8 24. b4 Qa6+ 25. Kg2 Qxa3 26. Qd2 Kg7 27. Rb1 e5 28. f4 a5 29. b5 Qa4 30. b6 Qc6 31. Qe2 Rxb6 32. Rxb6 Qxb6 33. Qg4+ Kf8 34. Qh4 d3 35. Qxh6+ Ke7 36. fxe5 Qb2+ 37. Kh3 Qxe5 38. Qc1 Qxe4 39. Qc7+ Kf8 40. Qxa5 Kg7 41. g4 Qf3+ 42. Kh4 Qf2+ 43. Kh3 d2 44. g5 Qf3+ 45. Kh4 d1Q 46. gxf6+ Qxf6+ 0-1

[Event "SVK-ch Rapid"]
[Site "Podbanske"]
[Date "2023.10.01"]
[Round "8"]
[White "Sevcikova, Lucia"]
[Black "Mudrak, Josef"]
[Result "0-1"]
[WhiteElo "2042"]
[BlackElo "2216"]
[PlyCount "88"]
[EventDate "2023.09.30"]
[EventType "tourn (rapid)"]
[EventRounds "10"]
[EventCountry "SVK"]
[SourceTitle "EXT 2024"]
[Source "ChessBase"]
[SourceDate "2023.10.10"]
[SourceVersion "1"]
[SourceVersionDate "2023.10.10"]
[SourceQuality "1"]

1. d4 Nf6 2. c4 d6 3. Nc3 Nbd7 4. e4 e5 5. d5 Nc5 6. f3 a5 7. Be3 Be7 8. a3 Bd7 9. Nge2 a4 10. Bxc5 dxc5 11. Qd2 0-0 12. g4 Ne8 13. Ng3 Bg5 14. Qg2 g6 15. Bd3 Nd6 16. Nce2 Bh4 17. 0-0-0 b5 18. Qg1 bxc4 19. Bc2 Ra5 20. Nc3 Qf6 21. Qg2 Rb8 22. Kb1 Ra6 23. Ka1 Rab6 24. Rb1 Bg5 25. Nge2 Be3 26. h4 Bd4 27. g5 Qe7 28. h5 Nb5 29. Nxb5 Rxb5 30. Nc3 Rxb2 31. Rxb2 Bxc3 32. Rhb1 Qd6 33. h6 Bd4 34. Bd1 Rb3 35. Ka2 c6 36. Bxb3 cxb3+ 37. Rxb3 axb3+ 38. Rxb3 cxd5 39. Qd2 dxe4 40. Rb7 Qd5+ 41. Rb3 Be6 42. Qc2 exf3 43. a4 f2 44. Ka3 Qxb3+ 0-1

[Event "Maia op 7th"]
[Site "Maia"]
[Date "2023.09.02"]
[Round "9"]
[White "Karsay, Pascal"]
[Black "Sevcikova, Lucia"]
[Result "1-0"]
[WhiteElo "2319"]
[BlackElo "2051"]
[PlyCount "63"]
[EventDate "2023.08.25"]
[EventType "swiss"]
[EventRounds "9"]
[EventCountry "POR"]
[SourceTitle "EXT 2024"]
[Source "ChessBase"]
[SourceDate "2023.10.10"]
[SourceVersion "1"]
[SourceVersionDate "2023.10.10"]
[SourceQuality "1"]

1. e4 e6 2. d4 d5 3. e5 c5 4. c3 Nc6 5. Nf3 Qb6 6. a3 c4 7. Nbd2 Na5 8. Rb1 Bd7 9. h4 Ne7 10. h5 h6 11. b4 cxb3 12. Nxb3 Ba4 13. Nxa5 Qxa5 14. Qd2 b5 15. Qb2 a6 16. Be2 Rc8 17. Bd2 Qc7 18. Nh2 Nc6 19. Ng4 Na5 20. Ne3 Be7 21. 0-0 0-0 22. f4 g6 23. Rf3 Nc4 24. Bxc4 bxc4 25. Rbf1 Rb8 26. Qc1 Kh7 27. Rh3 Rg8 28. hxg6+ fxg6 29. f5 exf5 30. Nxd5 Qd7 31. Bxh6 Qxd5 32. Bf8+ 1-0

[Event "Maia op 7th"]
[Site "Maia"]
[Date "2023.08.27"]
[Round "3"]
[White "Perez Solanas, Hugo"]
[Black "Sevcikova, Lucia"]
[Result "0-1"]
[WhiteElo "1477"]
[BlackElo "2051"]
[PlyCount "106"]
[EventDate "2023.08.25"]
[EventType "swiss"]
[EventRounds "9"]
[EventCountry "POR"]
[SourceTitle "EXT 2024"]
[Source "ChessBase"]
[SourceDate "2023.10.10"]
[SourceVersion "1"]
[SourceVersionDate "2023.10.10"]
[SourceQuality "1"]

1. e4 e6 2. d4 d5 3. Nc3 Nf6 4. Bg5 Be7 5. e5 Nfd7 6. h4 h6 7. Bxe7 Qxe7 8. f4 a6 9. Qd2 c5 10. Nf3 Nc6 11. Ne2 cxd4 12. Nexd4 Nc5 13. 0-0-0 Bd7 14. g4 0-0-0 15. Qe3 Kb8 16. Kb1 Rc8 17. c3 Rc7 18. Bg2 Na5 19. Nd2 Na4 20. N4b3 Nc4 21. Nxc4 Rxc4 22. Rd4 Rhc8 23. Rxc4 Rxc4 24. g5 h5 25. f5 Qd8 26. f6 g6 27. Nd2 Rc8 28. Bf3 Bb5 29. Bd1 Nc5 30. Bc2 Ba4 31. Nb3 Bxb3 32. Bxb3 Qc7 33. Bc2 Nd7 34. Re1 b5 35. a3 Qb7 36. Bd3 Nb6 37. Rd1 Na4 38. Bc2 Rc4 39. Rd4 Nb6 40. Rxc4 Nxc4 41. Qc5 Nxe5 42. Qf8+ Ka7 43. Qe7 Qd7 44. a4 Kb6 45. axb5 axb5 46. b4 Qc7 47. Qxc7+ Kxc7 48. Bd1 Kd6 49. Kc2 Nc4 50. Bf3 Ne3+ 51. Kd3 Nf5 52. Ke2 Nxh4 53. Bh1 Ke5 0-1

[Event "Forni di Sopra op 14th"]
[Site "Forni di Sopra"]
[Date "2023.06.15"]
[Round "7"]
[White "Sevcikova, Lucia"]
[Black "Ridolfo, Enrico"]
[Result "1/2-1/2"]
[WhiteElo "1975"]
[BlackElo "2085"]
[PlyCount "87"]
[EventDate "2023.06.10"]
[EventType "swiss"]
[EventRounds "9"]
[EventCountry "ITA"]
[SourceTitle "CBM 214 Extra"]
[Source "ChessBase"]
[SourceDate "2023.07.31"]
[SourceVersion "1"]
[SourceVersionDate "2023.07.31"]
[SourceQuality "1"]

1. d4 d5 2. c4 e6 3. Nc3 Nf6 4. cxd5 exd5 5. Bg5 Bb4 6. Qc2 Nc6 7. e3 h6 8. Bxf6 Qxf6 9. a3 Bxc3+ 10. Qxc3 a6 11. Bd3 Bf5 12. Bxf5 Qxf5 13. Nf3 0-0 14. 0-0 Rfe8 15. b4 Qd7 16. a4 a5 17. b5 Nb4 18. Ne5 Qd8 19. Rfc1 Rc8 20. Nd3 Nxd3 21. Qxd3 Re6 22. Rc5 b6 23. Rc3 c5 24. dxc5 bxc5 25. Rac1 Re4 26. Rxc5 Rxc5 27. Rxc5 Rxa4 28. g3 d4 29. Qf5 g6 30. Rc8 gxf5 31. Rxd8+ Kg7 32. exd4 Rb4 33. Rd5 a4 34. b6 Rxb6 35. Ra5 Rb4 36. d5 Rd4 37. d6 Kf6 38. d7 Ke7 39. Ra7 f6 40. Kg2 f4 41. gxf4 Rxf4 42. Kg3 Rb4 43. Kg2 Rc4 44. Kf1 1/2-1/2

[Event "Forni di Sopra op 14th"]
[Site "Forni di Sopra"]
[Date "2023.06.14"]
[Round "6"]
[White "Casadio, Niccolo"]
[Black "Sevcikova, Lucia"]
[Result "0-1"]
[WhiteElo "2176"]
[BlackElo "1975"]
[PlyCount "134"]
[EventDate "2023.06.10"]
[EventType "swiss"]
[EventRounds "9"]
[EventCountry "ITA"]
[SourceTitle "CBM 214 Extra"]
[Source "ChessBase"]
[SourceDate "2023.07.31"]
[SourceVersion "1"]
[SourceVersionDate "2023.07.31"]
[SourceQuality "1"]

1. d4 d5 2. Bf4 Nf6 3. e3 e6 4. Nf3 c5 5. c3 Bd6 6. Bg3 0-0 7. Bd3 b6 8. Qe2 Bb7 9. Nbd2 Qc7 10. Rd1 Nbd7 11. Bxd6 Qxd6 12. dxc5 Nxc5 13. e4 Nxd3+ 14. Qxd3 Qc7 15. e5 Ne4 16. 0-0 Nc5 17. Qb1 Ba6 18. Rfe1 Bd3 19. Qa1 Bg6 20. Nb3 Bc2 21. Nxc5 Bxd1 22. Nxe6 fxe6 23. Qxd1 Rf5 24. Re3 Qf7 25. Qd2 Rf8 26. Re2 Qg6 27. Qd3 Qh5 28. Re3 g5 29. h3 Qf7 30. Qd2 h6 31. Qc2 Rf4 32. Re2 g4 33. hxg4 Rxg4 34. Nd4 Qg7 35. f3 Rg6 36. Qb3 Rc8 37. f4 Kh8 38. f5 Rg3 39. fxe6 Rg8 40. Qxd5 Qg5 41. Nc2 Qc1+ 42. Ne1 Rxg2+ 43. Qxg2 Rxg2+ 44. Kxg2 Qg5+ 45. Kf2 Qh4+ 46. Ke3 Qg5+ 47. Kd3 Qf5+ 48. Kd2 Qxe6 49. Nc2 Kg8 50. b3 Kf8 51. Nd4 Qd5 52. e6 Ke8 53. e7 h5 54. Kc2 Qg5 55. Ne6 Qg3 56. Nd4 h4 57. Kb2 h3 58. Nf5 Qg6 59. Nd4 Qg4 60. a4 a5 61. Ka3 Qg3 62. Nf5 Qg6 63. Nd4 h2 64. Nb5 Qg3 65. Re6 h1Q 66. Nd6+ Qxd6+ 67. Rxd6 Qa1# 0-1

[Event "Mitropa Cup (Women)"]
[Site "Mali Losinj"]
[Date "2023.04.16"]
[Round "6.4"]
[White "Rybackova, Lucie"]
[Black "Sevcikova, Lucia"]
[Result "1/2-1/2"]
[WhiteElo "1789"]
[BlackElo "1967"]
[PlyCount "77"]
[EventDate "2023.04.11"]
[EventType "team-tourn"]
[EventRounds "9"]
[EventCountry "CRO"]
[SourceTitle "CBM 213 Extra"]
[Source "ChessBase"]
[SourceDate "2023.05.31"]
[SourceVersion "1"]
[SourceVersionDate "2023.05.31"]
[SourceQuality "1"]
[WhiteTeam "Czech Republic (W)"]
[BlackTeam "Slovakia (W)"]
[WhiteTeamCountry "CZE"]
[BlackTeamCountry "SVK"]

1. d4 d5 2. c4 c6 3. Nf3 Nf6 4. Nc3 e6 5. e3 Bd6 6. Qc2 Nbd7 7. b3 0-0 8. Be2 b6 9. 0-0 Bb7 10. Bb2 Rc8 11. Rad1 Qe7 12. h3 c5 13. cxd5 exd5 14. dxc5 bxc5 15. Qb1 Bb8 16. Rfe1 Ne5 17. Na4 Nxf3+ 18. Bxf3 Ne4 19. Bxe4 dxe4 20. Qc2 Ba6 21. Qc3 f6 22. Ba3 Bd6 23. Qa5 Bd3 24. Nb2 Bc7 25. Qa4 Qe5 26. g3 Qf5 27. Nxd3 exd3 28. Qc4+ Kh8 29. Rxd3 Qxh3 30. Qh4 Qxh4 31. gxh4 Rfd8 32. Rxd8+ Bxd8 33. Rc1 Bb6 34. Rc4 Rc7 35. Kg2 Kg8 36. Kf3 Kf7 37. Ke4 Ke6 38. h5 a5 39. f4 1/2-1/2